Financial management (Record no. 115237)

MARC details
000 -LEADER
fixed length control field 00223 a2200109 4500
020 ## - INTERNATIONAL STANDARD BOOK NUMBER
International Standard Book Number 9789367134092
100 ## - MAIN ENTRY--PERSONAL NAME
Personal name I. M. Pandey
245 ## - TITLE STATEMENT
Title Financial management
250 ## - EDITION STATEMENT
Edition statement 13th
260 ## - PUBLICATION, DISTRIBUTION, ETC. (IMPRINT)
Name of publisher, distributor, etc Pearson
Date of publication, distribution, etc 2026
942 ## - ADDED ENTRY ELEMENTS (KOHA)
Koha item type On order/under processing
Holdings
Withdrawn status Lost status Damaged status Not for loan Home library Current library Date acquired Source of acquisition Cost, normal purchase price Total Checkouts Barcode Date last seen Cost, replacement price Price effective from Koha item type
        University Library University Library 24/02/2026 94 839.20   00097316 24/02/2026 1049.00 24/02/2026 On order/under processing
University Library, CUSAT